Jurisdicción constitucional: las implicancias del neoconstitucionalismo
Guardat en:
| Autor principal: | |
|---|---|
| Format: | Llibre |
| Idioma: | espanyol |
| Publicat: |
Santiago
DER Ediciones Ltda
2019
|
| Edició: | 1a. ed |
| Col·lecció: | Ensayos Jurídicos
|
| Matèries: | |
| Etiquetes: |
Afegir etiqueta
Sense etiquetes, Sigues el primer a etiquetar aquest registre!
|
MARC
| LEADER | 00000cam a2200000 a 4500 | ||
|---|---|---|---|
| 001 | UCC9360 | ||
| 003 | CL-VaPUC | ||
| 005 | 20240912150816.0 | ||
| 008 | 190927e20190000cl |||||||||||||||||spa|d | ||
| 020 | |a 9789569959516 | ||
| 040 | |c Pontificia Universidad Católica de Valparaíso | ||
| 082 | 0 | 4 | |a 342.0413 |b NUÑ |2 21 |
| 100 | |a Núñez Leiva, José Ignacio |e autor |9 346 | ||
| 245 | 1 | 0 | |a Jurisdicción constitucional: las implicancias del neoconstitucionalismo |
| 250 | |a 1a. ed | ||
| 260 | |a Santiago |b DER Ediciones Ltda |c 2019 | ||
| 300 | |a 225 p | ||
| 490 | 0 | |a Ensayos Jurídicos | |
| 583 | |a last modification |c 20190927 15:31:00 |k Rodrigo Vera | ||
| 650 | 7 | |a JURISDICCION CONSTITUCIONAL |2 CL-VaPUC |9 604404 | |
| 650 | 0 | |a Derecho constitucional |9 222588 | |
| 650 | 0 | |a Justicia constitucional |9 470037 | |
| 650 | 7 | |a NEOCONSTITUCIONALISMO |2 CL-VaPUC |9 604405 | |
| 942 | |c BK | ||
| 945 | |d 20190927 15:31:00 |a dcastane | ||
| 999 | |c 375546 |d 375544 | ||
| 952 | |0 0 |1 0 |3 erb |4 0 |6 342_041300000000000_NUÑ_2019 |7 0 |8 A |9 494539 |a BIBDER |b BIBDER |i 5560683 |o 342.0413 NUÑ 2019 |p 5560683 |r 2023-01-25 |w 2019-11-24 |y BK |z Catalogado en:20190927 |k DER | ||